[Event "Karnataka State Open-ch 2018"]
[Site "Bengaluru"]
[Date "2018.04.15"]
[Round "4"]
[White "Bachalkar Sadanand"]
[Black "Jagadish, V."]
[Result "1-0"]
[WhiteElo "1471"]
[BlackElo "2157"]
[Annotator "TA"]
[PlyCount "125"]
[EventDate "2018.??.??"]
[EventType "swiss"]
[EventCountry "IND"]
[SourceTitle "playchess.com"]
[Source "ChessBase"]
[SourceQuality "1"]

{[%evp 10,125,14,7,71,16,22,0,0,-4,0,-9,-6,-5,0,0,-5,-39,-1,-16,57,63,99,97,152,143,141,98,125,128,130,139,131,118,194,186,277,262,294,271,291,280,268,244,465,458,560,256,237,0,55,0,0,0,0,0,93,0,103,75,79,0,0,3,34,49,56,0,0,0,0,0,0,-29,0,-11,-8,-14,0,-6,0,-159,0,0,0,0,0,0,0,0,44,50,125,140,721,0,0,0,0,0,0,0,0,0,469,457,402,264,12837,12798,29988,29987,29992,29993,29993,29994,29998,29999]} 1. e4 e5 2. Nf3 Nc6 3. Bc4 Nf6 4. d3 Bc5 5. Nc3 a6 6. Bg5 {LiveBook: 28 Games} d6 {C50: Hungarian Defence and Giuoco Pianissimo} (6... h6 $11 {remains equal.} 7. Bxf6 Qxf6) (6... h6 7. Bxf6 Qxf6 8. Nd5 Qd8 9. c3 d6 10. d4 Ba7 11. h3 O-O 12. O-O Re8 13. Re1 Be6 14. a4 exd4 15. cxd4 Ne7 16. Qb3 Nxd5 17. Bxd5 Rb8 18. Rac1 {½-½ (35) Yilmaz,M (2400)-Pashikian,A (2621) Budva 2009}) 7. h3 (7. Nd5 $1 $16) 7... Be6 8. Bd5 $146 ({Predecessor:} 8. Nd5 h6 9. Bxf6 gxf6 10. c3 b5 11. Bb3 Na5 12. Bc2 Bxd5 13. exd5 Nb7 14. d4 Bb6 {1-0 (32) Deus Filho,J (2068)-Chaves,J (2053) Rio de Janeiro 2012}) 8... h6 {The position is equal.} 9. Be3 Bxe3 10. fxe3 Bxd5 11. exd5 Ne7 12. e4 Ng6 13. Ne2 Qd7 14. O-O O-O-O (14... c6 $11) 15. a4 Nh7 16. Qd2 f6 (16... f5 $142) 17. c4 Ng5 18. Qe3 Kb8 19. b4 $1 Nxf3+ 20. Qxf3 Rdf8 21. a5 Nh4 (21... f5 $16) 22. Qf2 $1 $18 {[%cal Rf2h4]} g5 (22... Ng6 $142 23. b5 Ka8) 23. b5 f5 24. bxa6 bxa6 25. Rab1+ Ka8 26. c5 $1 {[%cal Bc4c5,Bc5c6][%mdl 32]} Rb8 $2 (26... Qe7 {is a better defense.} 27. Nc3 (27. exf5 Nxf5 28. Qe1 dxc5 $14) 27... f4) 27. c6 Qf7 28. Qe3 (28. Nc3 $142 Ng6 29. Rb7 (29. Qxf5 Qxf5 30. exf5 Nf4 $16) (29. exf5 Nf4 $16) 29... Rxb7 30. cxb7+ (30. Qxf5 Qxf5 31. cxb7+ Kxb7 $11) 30... Kb8 31. Qa2 (31. exf5 Nf4 $16)) 28... f4 {aiming for ...Rxb1.} 29. Qc1 $2 (29. Qf2 $18) 29... f3 (29... Rxb1 $11 30. Qxb1 Rb8) 30. gxf3 (30. g3 $14 Rxb1 31. Qxb1) 30... Rxb1 $11 31. Qxb1 {[%csl Gc6][%cal Rb1b7]} Rb8 32. Qc1 h5 (32... Nxf3+ $11 33. Kg2 Nh4+ 34. Kh2 Qg7) 33. d4 (33. Kh1 $1 $16) 33... Qf6 (33... Nxf3+ $11 {keeps the balance.} 34. Kh1 g4) 34. Qc4 {[%cal Rc4a6]} Rb5 35. dxe5 (35. Qc3 $16) 35... Qxe5 36. Qd4 Rxa5 (36... Rb3 {looks sharper.} 37. Qxe5 dxe5 38. Kh1 Nxf3 39. Ng1 Nd2) 37. Qxe5 dxe5 {[%mdl 4096] Endgame KRN-KRN} 38. Rb1 (38. Ng3 $1 $14) 38... Rb5 39. Rc1 {Black must now prevent d6!} Kb8 40. Kf2 {next Rg1 is good for White.} Rb3 41. Rc3 Rb2 42. Ke3 Ng2+ 43. Kd3 Ne1+ 44. Ke3 h4 45. Nc1 $2 {[#]} ({White should play} 45. Kf2 $11 Nc2 46. Nc1 Nd4+ 47. Kf1) 45... Ng2+ $2 (45... a5 $1 $17 46. Rc4 Nc2+ 47. Kd3 Ne1+ 48. Ke3 Ng2+ 49. Kd3 Nf4+ 50. Ke3 Kc8) 46. Kd3 Nf4+ 47. Kc4 $1 Nxh3 {Strongly threatening ...Nf2.} 48. Nd3 Rb1 49. Nxe5 {Nd3 is the strong threat.} Ng1 50. Ng4 Kc8 {[#]} (50... Ne2 $14 51. Rc2 Nf4) 51. e5 $1 $16 {[%cal Re5e6] Hoping for e6.} Rd1 $2 {[%mdl 8192]} (51... Ne2 $16 52. Ra3 Rc1+ 53. Kd3 Nf4+ 54. Ke4 Rc4+ 55. Kf5 Nxd5) 52. Kc5 $2 ({White should try} 52. e6 $18 {Threatening mate with e7.} Kd8 53. Ne3) 52... Ne2 $1 $11 {[%cal Re2c3]} 53. Rc4 {And now e6 would win.} Nf4 54. Rd4 Rxd4 55. Kxd4 {KN-KN} Kd8 56. d6 cxd6 $2 {[%mdl 8192]} (56... h3 $11 {and Black is okay.}) 57. exd6 $18 h3 58. Kc5 {White threatens c7+ and mate.} Nd3+ $2 (58... Ne6+ 59. Kb6 Kc8) 59. Kb6 Nb4 60. c7+ {White mates.} Kc8 61. Nf6 {[%csl Gf6][%cal Rd6d7]} Nd5+ 62. Nxd5 h2 63. Kc6 {Precision: White = 52%, Black = 29%.} 1-0

[Event "Karnataka State Open-ch 2018"]
[Site "Bengaluru"]
[Date "2018.04.15"]
[Round "4"]
[White "Sujay B M"]
[Black "Hardik, Jha"]
[Result "0-1"]
[WhiteElo "1447"]
[BlackElo "1882"]
[Annotator "NA"]
[PlyCount "72"]
[EventDate "2018.??.??"]
[EventType "swiss"]
[EventCountry "IND"]
[SourceTitle "playchess.com"]
[Source "ChessBase"]
[SourceQuality "1"]
[TimeControl "5400+30"]

1. Nf3 {[%emt 0:00:00]} Nf6 {[%emt 0:00:10]} 2. g3 {[%emt 0:00:00]} g6 {[%emt 0:00:13]} 3. b3 {[%emt 0:00:54]} Bg7 {[%emt 0:00:13]} 4. Bb2 {[%emt 0:00:13]} d6 {[%emt 0:03:25]} 5. Bg2 {[%emt 0:00:07]} c6 {[%emt 0:01:12]} 6. d4 {[%emt 0:00:08]} O-O {[%emt 0:00:43]} 7. O-O {[%emt 0:00:09]} Nbd7 {[%emt 0:00:11]} 8. c4 {[%emt 0:00:16]} Qe8 {[%emt 0:00:47] E60: King's Indian: Unusual lines and Fianchetto Variation without Nc3} (8... Re8 9. Nc3 e5 10. e4 exd4 11. Nxd4 Nc5 12. Re1 Ng4 13. b4 Qb6 14. a3 a5 15. Na2 axb4 16. axb4 Na4 {0-1 (16) Vachier Lagrave,M (2795)-Grischuk,A (2750) chess.com INT 2017}) 9. Nbd2 $146 {[%emt 0:04:22]} ({Predecessor:} 9. Nc3 e5 10. e4 exd4 11. Nxd4 Nc5 12. Re1 a5 13. Nc2 {1-0 (13) Ioseliani,N (2475)-Socko,M (2310) Kishinev 1995}) 9... Rb8 {[%emt 0:10:50]} 10. e4 {[%emt 0:10:18]} e5 {[%emt 0:08:37]} 11. Nh4 {[%emt 0:15:47]} c5 {[%emt 0:02:59]} 12. d5 {[%emt 0:05:39]} Qe7 {[%emt 0:06:10]} 13. f4 {[%emt 0:04:38]} exf4 {[%emt 0:02:03]} 14. Rxf4 {[%emt 0:01:01]} Ne5 {[%emt 0:01:28]} 15. Bxe5 {[%emt 0:26:38]} Qxe5 {[%emt 0:01:36]} 16. Nhf3 {[%emt 0:00:02]} Qc3 {[%emt 0:04:06]} 17. Rc1 {[%emt 0:03:27]} Qe3+ {[%emt 0:00:47]} 18. Kh1 {[%emt 0:00:01] [#]} Ng4 $1 {[%emt 0:02:53]} 19. Rxg4 {[%emt 0:08:58]} Bxg4 {[%emt 0:00:21]} 20. Qe1 {[%emt 0:00:52]} Qxe1+ {[%emt 0:02:22]} 21. Rxe1 {[%emt 0:00:16]} Rbe8 {[%emt 0:03:37]} 22. h3 Bxf3 {[%emt 0:00:36]} 23. Bxf3 {[%emt 0:01:35]} f5 {[%emt 0:01:47]} 24. Kg2 {[%emt 0:00:12]} Bc3 {[%emt 0:00:14]} 25. Re2 {[%emt 0:00:39]} Bxd2 {[%emt 0:00:03]} 26. Rxd2 {[%emt 0:00:01]} fxe4 {[%emt 0:00:02]} 27. Bg4 {[%emt 0:00:15]} Re5 {[%emt 0:00:48]} 28. Be6+ {[%emt 0:01:26]} Kg7 {[%emt 0:00:03]} 29. Re2 {[%emt 0:00:19]} e3 $19 {[%emt 0:04:36]} 30. h4 {[%emt 0:02:34]} h5 {[%emt 0:00:37]} 31. Bh3 {[%emt 0:01:34]} Kh6 {[%emt 0:00:37]} 32. Kg1 {[%emt 0:01:45]} g5 {[%emt 0:00:13]} 33. hxg5+ {[%emt 0:00:10]} Kxg5 {[%emt 0:00:03]} 34. Kg2 {[%emt 0:00:35]} h4 {[%emt 0:00:06]} 35. gxh4+ {[%emt 0:01:09]} Kxh4 {[%emt 0:00:03]} 36. Be6 {[%emt 0:00:19]} Rg5+ {[%emt 0:00:11]} 0-1

[Event "Karnataka State Open-ch 2018"]
[Site "Bengaluru"]
[Date "2018.04.15"]
[Round "4"]
[White "Rakesh, N."]
[Black "Thejkumar, M. S"]
[Result "0-1"]
[WhiteElo "1359"]
[BlackElo "2493"]
[Annotator "TA"]
[PlyCount "98"]
[EventDate "2018.??.??"]
[EventType "swiss"]
[EventCountry "IND"]
[SourceTitle "playchess.com"]
[Source "ChessBase"]
[SourceQuality "1"]

{[%evp 11,98,10,13,-6,1,-17,-4,-45,-41,-33,-36,-43,-36,-41,-46,-45,-39,-53,-5,-9,-14,-39,-15,-12,-10,-25,-19,-23,-8,-20,-10,-29,-17,-41,-41,-121,-136,-97,-78,-79,-76,-103,-115,-84,-70,-111,-116,-113,-113,-121,-109,-160,0,-112,-106,-122,-82,-95,-79,-99,-91,-78,-66,-93,-68,-63,-83,-83,-84,-87,-47,-74,-18,-63,-41,-43,-37,-131,-115,-731,-766,-754,-691,-679,-750,-703,-697,-29984,-29985]} 1. e4 c6 2. d4 d5 3. e5 c5 4. c3 Nc6 5. Nf3 cxd4 (5... Bg4 6. Be2 e6 7. Nbd2 Rc8 8. O-O a6 9. h3 Bh5 10. Re1 Bg6 11. Nf1 cxd4 12. Nxd4 Nxd4 13. Qxd4 Ne7 14. Bg5 {0-1 (36) Yuffa,D (2534)-Romanov,E (2619) Sochi 2016}) 6. cxd4 {B12: Caro-Kann: Advance Variation} Bg4 {LiveBook: 5 Games} 7. Bb5 e6 8. Bxc6+ {The position is equal.} bxc6 {[%cal Bb7c6,Bc6c5][%mdl 32]} 9. Bd2 $146 ({Find the theoretical novelty and annotate with similar games:} 9. Nbd2 Bb4 10. O-O Ne7 11. h3 Bh5 12. Nb3 h6 13. a3 Ba5 14. Nxa5 Qxa5 15. Bd2 Qb6 16. Bc3 O-O 17. g4 Bg6 18. Bb4 {½-½ (18) Agrawal,R (1979)-Dunn,P (2022) ICCF email 2015}) 9... Qb6 10. Bc3 Bxf3 11. Qxf3 Nh6 12. Nd2 Nf5 13. Qd3 c5 14. Nf3 Be7 15. O-O a5 16. Rac1 O-O 17. dxc5 Bxc5 18. g4 Ne7 19. h4 {[%cal Bh2h4,Bh4h5][%mdl 32]} Rfc8 20. Ng5 Ng6 21. h5 Nf8 22. Qf3 Qb7 23. Kg2 (23. Qf4 $15) 23... h6 $17 24. Nh3 Nh7 25. Rc2 Be7 26. Re2 Rc4 27. b3 Rc7 28. Kh2 a4 29. Rb1 Rac8 30. Bd4 Bc5 31. Ba1 (31. Bxc5 $142 Rxc5 32. Kg2) 31... Be7 32. Bd4 Qb4 33. Rd1 Rc1 34. Qd3 axb3 {[#] And now ...Rxd1 would win.} (34... R1c6 {NOTEXT} 35. f4 Bc5 36. Qd2 Qb7 37. bxa4 Bxd4 38. Qxd4 Rc4) 35. axb3 Rxd1 36. Qxd1 Rb8 37. Re3 Bc5 38. Bxc5 Qxc5 39. Qd3 Rb4 40. f4 Nf8 41. Rg3 Qc1 ({Black should play} 41... Re4 $17 42. Qd2 Qb5) 42. Rg2 Qa3 43. Rg3 $1 Qb2+ 44. Kh1 ({White should try} 44. Rg2 $15 Qa3 45. Rg3) 44... Rd4 $36 {[%mdl 2048] Black is in control.} 45. Qc3 $2 {[%mdl 8192]} (45. Qf3 $17) 45... Rd1+ $19 46. Ng1 Qf2 {[#] ...d4 is the strong threat.} 47. Rg2 Qh4+ 48. Rh2 Qxg4 {[%csl Gg4][%cal Rd1g1]} 49. Qc5 d4 {Precision: White = 34%, Black = 63%.} 0-1

[Event "Karnataka State Open-ch 2018"]
[Site "Bengaluru"]
[Date "2018.04.15"]
[Round "4"]
[White "Vikas, Saini"]
[Black "Balkishan, A."]
[Result "0-1"]
[WhiteElo "1346"]
[BlackElo "2026"]
[Annotator "NA"]
[PlyCount "146"]
[EventDate "2018.??.??"]
[EventType "swiss"]
[EventCountry "IND"]
[SourceTitle "playchess.com"]
[Source "ChessBase"]
[SourceQuality "1"]
[TimeControl "5400+30"]

1. e4 {[%emt 0:01:08]} c5 {[%emt 0:00:03]} 2. Nf3 {[%emt 0:00:09]} d6 {[%emt 0:00:10]} 3. d4 {[%emt 0:00:39]} cxd4 {[%emt 0:00:03]} 4. Nxd4 {[%emt 0:00:07]} Nf6 {[%emt 0:00:03]} 5. Nc3 {[%emt 0:00:11]} a6 {[%emt 0:00:02]} 6. Be3 {[%emt 0:01:03]} e5 {[%emt 0:00:18]} 7. Nb3 {[%emt 0:02:02]} Be6 {[%emt 0:00:19]} 8. f3 {[%emt 0:00:35]} Nbd7 {[%emt 0:00:46]} 9. Qd2 {[%emt 0:00:36]} Be7 {[%emt 0:01:12]} 10. O-O-O {[%emt 0:00:56]} b5 {[%emt 0:01:11]} 11. g4 {[%emt 0:01:58]} Nb6 {[%emt 0:01:01]} 12. g5 {[%emt 0:11:38]} Nh5 {[%emt 0:01:14]} 13. Nd5 {[%emt 0:08:23]} Bxd5 {[%emt 0:02:58]} 14. Bxb6 {[%emt 0:03:25]} Qxb6 {[%emt 0:00:16]} 15. exd5 {[%emt 0:06:05]} Nf4 {[%emt 0:02:12]} 16. h4 {[%emt 0:00:46]} O-O {[%emt 0:06:03]} 17. Kb1 {[%emt 0:06:45]} a5 {[%emt 0:00:34]} 18. Nc1 {[%emt 0:00:51]} b4 {[%emt 0:00:48]} 19. Ne2 {[%emt 0:01:55]} Nh5 {[%emt 0:00:40]} 20. f4 {[%emt 0:02:50]} f6 {[%emt 0:11:56]} 21. Qd3 {[%emt 0:33:29]} a4 {[%emt 0:06:22]} 22. g6 {[%emt 0:03:08]} b3 {[%emt 0:10:20]} 23. gxh7+ {[%emt 0:01:03]} Kh8 {[%emt 0:00:01]} 24. a3 {[%emt 0:00:27]} bxc2+ {[%emt 0:00:41]} 25. Qxc2 {[%emt 0:00:17]} f5 {[%emt 0:00:57]} 26. fxe5 {[%emt 0:01:39]} dxe5 {[%emt 0:00:07]} 27. Qc6 {[%emt 0:02:10]} Qb3 {[%emt 0:01:21]} 28. Qc2 {[%emt 0:01:01]} Qb6 {[%emt 0:01:25]} 29. Qc6 {[%emt 0:00:49]} Rfb8 {[%emt 0:00:02]} 30. Qxb6 {[%emt 0:00:23]} Rxb6 {[%emt 0:00:01]} 31. Rh3 {[%emt 0:00:56]} Kxh7 {[%emt 0:00:45]} 32. Rc3 {[%emt 0:01:16]} Rab8 {[%emt 0:00:20]} 33. Rd2 {[%emt 0:01:03]} Bd6 {[%emt 0:05:48]} 34. Ka2 {[%emt 0:01:27]} Nf6 {[%emt 0:04:46]} 35. Rc6 {[%emt 0:01:03]} e4 {[%emt 0:03:23]} 36. Nd4 {[%emt 0:02:21]} g6 {[%emt 0:02:57]} 37. Rxb6 {[%emt 0:00:18]} Rxb6 {[%emt 0:00:02]} 38. Ne6 {[%emt 0:01:12]} Be5 {[%emt 0:00:37]} 39. Ng5+ {[%emt 0:01:20]} Kg7 {[%emt 0:00:05]} 40. Bc4 {[%emt 0:00:32]} Bf4 {[%emt 0:01:33]} 41. Rg2 {[%emt 0:00:50]} Bxg5 {[%emt 0:00:14]} 42. hxg5 {[%emt 0:00:38]} Ne8 {[%emt 0:00:14]} 43. Be2 {[%emt 0:01:14]} Nd6 {[%emt 0:01:55]} 44. Bd1 {[%emt 0:00:21]} Rb5 {[%emt 0:01:14]} 45. Rd2 {[%emt 0:00:37]} Ra5 {[%emt 0:00:47]} 46. Rd4 {[%emt 0:00:35]} f4 {[%emt 0:04:54]} 47. Kb1 {[%emt 0:00:28]} f3 {[%emt 0:00:19]} 48. Kc1 {[%emt 0:00:39]} Rc5+ {[%emt 0:01:13]} 49. Kd2 {[%emt 0:00:15]} e3+ {[%emt 0:00:18]} 50. Kd3 {[%emt 0:00:51]} f2 {[%emt 0:00:36]} 51. Rf4 {[%emt 0:00:29]} Rxd5+ {[%emt 0:00:14]} 52. Kxe3 {[%emt 0:00:26]} Rxd1 {[%emt 0:00:07]} 53. Kxf2 {[%emt 0:00:19]} Rd2+ {[%emt 0:01:13]} 54. Kg3 {[%emt 0:00:13]} Rxb2 {[%emt 0:00:15]} 55. Rxa4 {[%emt 0:00:10]} Rb5 {[%emt 0:00:05]} 56. Ra7+ {[%emt 0:00:32]} Kf8 {[%emt 0:01:17]} 57. Kf4 {[%emt 0:00:23]} Nf7 {[%emt 0:00:10]} 58. Ra8+ {[%emt 0:00:37]} Kg7 {[%emt 0:00:04]} 59. Ra7 {[%emt 0:00:29]} Rf5+ {[%emt 0:00:03]} 60. Ke4 {[%emt 0:00:29]} Rxg5 {[%emt 0:00:04]} 61. a4 {[%emt 0:00:17]} Rg4+ {[%emt 0:00:43]} 62. Kf3 {[%emt 0:00:41]} Rb4 {[%emt 0:00:07]} 63. a5 {[%emt 0:00:24]} Kf6 {[%emt 0:00:04]} 64. Ra6+ {[%emt 0:01:18]} Kf5 {[%emt 0:00:07]} 65. Ra8 {[%emt 0:00:16]} Rb3+ {[%emt 0:00:41]} 66. Kf2 {[%emt 0:00:47]} Kg4 {[%emt 0:01:30]} 67. a6 {[%emt 0:00:23]} Ra3 {[%emt 0:01:05]} 68. a7 {[%emt 0:00:29]} g5 {[%emt 0:00:12]} 69. Ke2 {[%emt 0:00:50]} Kg3 {[%emt 0:00:17]} 70. Kf1 {[%emt 0:00:32]} Ra2 {[%emt 0:00:41]} 71. Ke1 {[%emt 0:00:20]} g4 {[%emt 0:00:52]} 72. Kf1 {[%emt 0:00:30]} Ne5 {[%emt 0:00:16]} 73. Re8 {[%emt 0:00:28]} Nf3 {[%emt 0:00:06]} 0-1

[Event "Karnataka State Open-ch 2018"]
[Site "Bengaluru"]
[Date "2018.04.15"]
[Round "4"]
[White "Srinidhi, Kulkarni"]
[Black "Likhit, Chilukuri"]
[Result "0-1"]
[WhiteElo "1341"]
[BlackElo "1988"]
[Annotator "NA"]
[PlyCount "88"]
[EventDate "2018.??.??"]
[EventType "swiss"]
[EventCountry "IND"]
[SourceTitle "playchess.com"]
[Source "ChessBase"]
[SourceQuality "1"]
[TimeControl "5400+30"]

1. e4 {[%emt 0:00:00]} e6 {[%emt 0:00:06]} 2. d4 {[%emt 0:00:00]} d5 {[%emt 0:00:08]} 3. e5 {[%emt 0:00:07]} c5 {[%emt 0:00:05]} 4. c3 {[%emt 0:01:34]} Nc6 {[%emt 0:00:06]} 5. Bb5 {[%emt 0:01:28]} Bd7 {[%emt 0:00:08]} 6. Ne2 {[%emt 0:02:26]} Nxe5 {[%emt 0:00:06]} 7. Bxd7+ {[%emt 0:01:06]} Nxd7 {[%emt 0:00:17]} 8. f4 {[%emt 0:00:26]} Ndf6 {[%emt 0:00:32]} 9. Ng3 {[%emt 0:00:49]} Bd6 {[%emt 0:00:08]} 10. Be3 {[%emt 0:08:11]} cxd4 {[%emt 0:00:07]} 11. cxd4 {[%emt 0:01:09]} Ne7 {[%emt 0:00:07]} 12. Nc3 {[%emt 0:01:48]} O-O {[%emt 0:00:07]} 13. O-O {[%emt 0:00:03]} Rc8 {[%emt 0:00:51]} 14. Rc1 {[%emt 0:02:27]} a6 {[%emt 0:00:43]} 15. Na4 {[%emt 0:10:29]} Rxc1 {[%emt 0:00:17]} 16. Qxc1 {[%emt 0:00:03]} Qa5 {[%emt 0:00:05]} 17. Qd1 {[%emt 0:00:53]} b5 {[%emt 0:01:32]} 18. Nc3 {[%emt 0:02:07]} Qb4 {[%emt 0:01:07]} 19. Qb3 {[%emt 0:07:12]} Qxb3 {[%emt 0:00:42]} 20. axb3 {[%emt 0:00:02]} Ng4 {[%emt 0:02:02]} 21. Bd2 {[%emt 0:02:28]} Rc8 {[%emt 0:00:20]} 22. h3 {[%emt 0:02:55]} Nh6 {[%emt 0:00:06]} 23. Ra1 {[%emt 0:00:19]} Rc6 {[%emt 0:00:06]} 24. Rc1 {[%emt 0:06:50]} Nhf5 {[%emt 0:00:20]} 25. Nxf5 {[%emt 0:01:01]} Nxf5 {[%emt 0:00:07]} 26. Ne2 {[%emt 0:00:38]} Rxc1+ {[%emt 0:00:26]} 27. Bxc1 {[%emt 0:00:03]} h5 {[%emt 0:00:27]} 28. Kf2 {[%emt 0:00:28]} h4 {[%emt 0:00:06]} 29. Bd2 {[%emt 0:02:07]} b4 {[%emt 0:00:34]} 30. Kf3 {[%emt 0:00:38]} a5 {[%emt 0:00:20]} 31. Be1 {[%emt 0:00:48]} Bc7 {[%emt 0:01:35]} 32. Bf2 {[%emt 0:11:20]} Bb6 {[%emt 0:01:22]} 33. Kg4 {[%emt 0:01:48]} f6 {[%emt 0:00:06]} 34. Kf3 {[%emt 0:03:21]} Kf7 {[%emt 0:00:14]} 35. Bg1 {[%emt 0:02:38]} Ke7 {[%emt 0:08:58]} 36. Bf2 {[%emt 0:01:56]} Kd7 {[%emt 0:03:11]} 37. Kg4 {[%emt 0:02:04]} Kc6 {[%emt 0:00:15]} 38. Kh5 {[%emt 0:03:20]} e5 {[%emt 0:00:11]} 39. Kg6 {[%emt 0:07:23]} Nxd4 {[%emt 0:03:51]} 40. Nc1 {[%emt 0:01:14]} Ne6 {[%emt 0:06:06]} 41. Bxh4 {[%emt 0:03:23]} Nxf4+ {[%emt 0:00:10]} 42. Kxg7 {[%emt 0:00:58]} d4 {[%emt 0:03:17]} 43. Kxf6 {[%emt 0:01:35]} Nxg2 {[%emt 0:04:19]} 44. Kxe5 {[%emt 0:00:34]} Nxh4 0-1

[Event "Karnataka State Open-ch 2018"]
[Site "Bengaluru"]
[Date "2018.04.15"]
[Round "4"]
[White "Anantha, Krishna Nayak M"]
[Black "Kishan, Gangolli"]
[Result "0-1"]
[WhiteElo "1333"]
[BlackElo "1974"]
[Annotator "NA"]
[PlyCount "42"]
[EventDate "2018.??.??"]
[EventType "swiss"]
[EventCountry "IND"]
[SourceTitle "playchess.com"]
[Source "ChessBase"]
[SourceQuality "1"]
[TimeControl "5400+30"]

1. e4 e6 2. d3 d5 3. Nd2 c5 4. g3 Nc6 5. f4 h5 6. Ngf3 dxe4 7. dxe4 h4 8. Bg2 Be7 9. c3 Nh6 10. Nc4 Qxd1+ 11. Kxd1 Ng4 12. Ke2 b6 13. Rd1 Ba6 14. b3 Na5 15. Nfd2 Nxh2 16. Kf2 Rd8 17. Nxa5 hxg3+ 18. Kg1 Be2 19. Re1 Rxd2 20. Rxe2 Rxe2 21. Nc4 Re1+ 0-1

[Event "Karnataka State Open-ch 2018"]
[Site "Bengaluru"]
[Date "2018.04.15"]
[Round "4"]
[White "Yash, Abhijit Patil"]
[Black "Santoshkashyap, Hg"]
[Result "0-1"]
[WhiteElo "1323"]
[BlackElo "1929"]
[Annotator "NA"]
[PlyCount "124"]
[EventDate "2018.??.??"]
[EventType "swiss"]
[EventCountry "IND"]
[SourceTitle "playchess.com"]
[Source "ChessBase"]
[SourceQuality "1"]
[TimeControl "5400+30"]

1. e4 {[%emt 0:00:00]} c6 {[%emt 0:00:12]} 2. d4 {[%emt 0:00:00]} d5 {[%emt 0:00:08]} 3. exd5 {[%emt 0:00:15]} cxd5 {[%emt 0:00:08]} 4. Bd3 {[%emt 0:00:16]} Nc6 {[%emt 0:00:09]} 5. Nf3 {[%emt 0:00:24]} Bg4 {[%emt 0:00:10]} 6. c3 {[%emt 0:00:46]} Qc7 {[%emt 0:00:08]} 7. O-O {[%emt 0:00:39]} Nf6 {[%emt 0:00:08]} 8. Bg5 {[%emt 0:01:18]} e6 {[%emt 0:00:12]} 9. h3 {[%emt 0:00:16]} Bh5 {[%emt 0:00:06]} 10. Nbd2 {[%emt 0:00:27]} Bd6 {[%emt 0:00:21]} 11. Qc2 {[%emt 0:01:10]} Bg6 {[%emt 0:00:10]} 12. Rac1 {[%emt 0:00:58]} O-O {[%emt 0:00:20]} 13. Bxf6 {[%emt 0:00:41]} gxf6 {[%emt 0:00:07]} 14. Bxg6 {[%emt 0:01:40]} hxg6 {[%emt 0:00:09]} 15. Rfe1 {[%emt 0:00:39]} b5 {[%emt 0:07:02]} 16. Qd3 {[%emt 0:02:52]} a6 {[%emt 0:00:21]} 17. g3 {[%emt 0:02:28]} Kg7 {[%emt 0:06:59]} 18. Kg2 {[%emt 0:00:24]} Na5 {[%emt 0:00:28]} 19. Rh1 {[%emt 0:05:56]} Nc4 {[%emt 0:00:35]} 20. Nxc4 {[%emt 0:00:37]} Qxc4 {[%emt 0:01:02]} 21. Qxc4 {[%emt 0:00:12]} bxc4 {[%emt 0:00:07]} 22. Rc2 {[%emt 0:00:39]} Rab8 {[%emt 0:00:08]} 23. h4 {[%emt 0:00:11]} Rb5 {[%emt 0:00:12]} 24. Ra1 {[%emt 0:02:12]} a5 {[%emt 0:10:07]} 25. a4 {[%emt 0:01:25]} Rb6 {[%emt 0:00:22]} 26. Re2 {[%emt 0:01:02]} Rfb8 {[%emt 0:00:12]} 27. Ra2 {[%emt 0:00:14]} R6b7 {[%emt 0:07:27]} 28. Kf1 {[%emt 0:00:41]} Kf8 {[%emt 0:01:50]} 29. Ke1 {[%emt 0:00:51]} Ke7 {[%emt 0:00:21]} 30. Kd1 {[%emt 0:00:09]} Kd7 {[%emt 0:00:10]} 31. Kc1 {[%emt 0:00:13]} Bf8 {[%emt 0:03:01]} 32. Kc2 {[%emt 0:00:49]} Kd6 {[%emt 0:00:15]} 33. Re1 {[%emt 0:09:43]} Bg7 {[%emt 0:00:36]} 34. Re2 {[%emt 0:01:23]} e5 {[%emt 0:00:30]} 35. Re1 {[%emt 0:00:50]} Rb6 {[%emt 0:04:21]} 36. Re2 {[%emt 0:01:17]} e4 {[%emt 0:00:21]} 37. Nd2 {[%emt 0:00:34]} g5 {[%emt 0:01:22]} 38. hxg5 {[%emt 0:00:34]} fxg5 {[%emt 0:00:05]} 39. f3 {[%emt 0:00:16]} exf3 {[%emt 0:05:55]} 40. Nxf3 {[%emt 0:00:10]} f6 {[%emt 0:00:49]} 41. Rh2 {[%emt 0:00:49]} Ke6 {[%emt 0:00:31]} 42. g4 {[%emt 0:00:58]} Kf7 {[%emt 0:00:17]} 43. Rf2 {[%emt 0:00:42]} Kg6 {[%emt 0:00:14]} 44. Rg2 {[%emt 0:00:49]} Bf8 {[%emt 0:00:15]} 45. Re2 {[%emt 0:01:32]} Bd6 {[%emt 0:00:46]} 46. Re6 {[%emt 0:01:39]} Kf7 {[%emt 0:00:27]} 47. Re2 {[%emt 0:01:05]} Bf4 {[%emt 0:00:11]} 48. Rg2 {[%emt 0:01:22]} Re6 {[%emt 0:04:54]} 49. Ra1 {[%emt 0:00:49]} Rbe8 {[%emt 0:00:18]} 50. Ng1 {[%emt 0:01:22]} Kg6 {[%emt 0:01:25]} 51. Rf1 {[%emt 0:00:39]} f5 {[%emt 0:02:32]} 52. Kd1 {[%emt 0:00:51]} Re3 {[%emt 0:02:29]} 53. gxf5+ {[%emt 0:01:19]} Kxf5 {[%emt 0:00:05]} 54. Nf3 {[%emt 0:01:22]} g4 {[%emt 0:10:27]} 55. Nh4+ {[%emt 0:00:32]} Kg5 {[%emt 0:04:15]} 56. Nf3+ {[%emt 0:00:11]} Kh5 {[%emt 0:01:38]} 57. Nd2 {[%emt 0:01:20]} Rf8 {[%emt 0:03:16]} 58. Rh1+ {[%emt 0:02:38]} Kg5 {[%emt 0:00:08]} 59. Kc2 {[%emt 0:02:07]} Rfe8 {[%emt 0:02:52]} 60. Rh7 {[%emt 0:04:27]} g3 {[%emt 0:03:10]} 61. Rg7+ {[%emt 0:00:41]} Kf6 {[%emt 0:01:14]} 62. Rg4 {[%emt 0:00:57]} Kf5 {[%emt 0:00:16]} 0-1